|
|
|
|
| LEADER |
00000nam0a2200000 4500 |
| 001 |
149068 |
| 005 |
20231101221412.0 |
| 010 |
|
|
|a 9785222123966
|
| 035 |
|
|
|a (RuTPU)RU\TPU\book\161608
|
| 090 |
|
|
|a 149068
|
| 100 |
|
|
|a 20081211d2008 km y0rusy50 ca
|
| 101 |
0 |
|
|a rus
|
| 102 |
|
|
|a RU
|
| 105 |
|
|
|a a g 001zy
|
| 200 |
1 |
|
|a Современный справочник строителя
|f под ред. Б. Ф. Белецкого
|
| 210 |
|
|
|a Ростов-на-Дону
|c Феникс
|d 2008
|
| 215 |
|
|
|a 572 с.
|c ил.
|
| 225 |
1 |
|
|a Строительство
|
| 320 |
|
|
|a Литература: с. 567-572.
|
| 330 |
|
|
|a Книга содержит обобщенную и систематизированную информацию о современных строительных материалах, конструкциях и системах, а также основные сведения о технологиях строительно-монтажных и отделочных работ. Отражены вопросы подсчета расхода материалов и объемов различных работ. Приведен перечень всех основных действующих нормативных документов в области строительства. Справочник предназначен в качестве практического пособия для широкого круга специалистов строительной отрасли, а также работников проектных организаций, студентов строительных вузов, учащихся строительных специальностей колледжей и индивидуальных-застройщиков.
|
| 606 |
|
|
|a Строительство
|2 stltpush
|3 (RuTPU)RU\TPU\subj\57832
|9 75681
|
| 610 |
1 |
|
|a подготовительные работы
|
| 610 |
1 |
|
|a земляные работы
|
| 610 |
1 |
|
|a свайные работы
|
| 610 |
1 |
|
|a фундаменты
|
| 610 |
1 |
|
|a бетонные работы
|
| 610 |
1 |
|
|a железобетонные работы
|
| 610 |
1 |
|
|a каменные работы
|
| 610 |
1 |
|
|a отделочные работы
|
| 610 |
1 |
|
|a монолитные полы
|
| 610 |
1 |
|
|a устройство
|
| 610 |
1 |
|
|a гидроизоляционные работы
|
| 610 |
1 |
|
|a кровельные работы
|
| 610 |
1 |
|
|a справочники
|
| 675 |
|
|
|a 69(035)
|v 3
|
| 702 |
|
1 |
|a Белецкий
|b Б. Ф.
|g Борис Федорович
|4 340
|
| 801 |
|
1 |
|a RU
|b 63413507
|c 20081211
|g PSBO
|
| 801 |
|
2 |
|a RU
|b 63413507
|c 20190331
|g PSBO
|
| 942 |
|
|
|c BK
|